00866nam a22001817a 450000500170000000800410001702000180005804000070007604100120008308200200009510000170011524500330013226000320016530000270019736500640022452003560028865000400064420260310145041.0250618b |||||||| |||| 00| 0 eng d a9781032785967 cAL aEnglish 223a006.6bHANT aJungHyun Han a3D graphics game programming aBoca RatonbCRC Pressc2024 ax,318p.bPBc 23x15cm. 2Generala1456b₹1596.00c₹d₹1995.00e20%f17/06/2025 aDesigned for advanced undergraduate and beginning graduate courses, 3D Graphics for Game Programming presents must-know information for success in interactive graphics. Assuming a minimal prerequisite understanding of vectors and matrices, it also provides sufficient mathematical background for game developers to combine their previous experience.  2Computer GraphicsaComputer Science